000 00787aam a2200289 i 4500
001 768714001
003 CO-MdFUSB
005 20250529171207.0
007 ta
008 250529t1932 ksu||||| |||| 00| 0 eng d
040 _cCO-MdFUSB
041 0 _aeng
082 0 4 _a248.8
_223
_bW759c
100 1 _aWinchester, Olive M.
_eautor
245 1 0 _aChrist's life and ministry
_c/ Olive M. Winchester
264 1 _bNazarene Publishing House,
_aKansas City, MO., USA :
_c[1932]
264 4 _c©1932
300 _a352 páginas
336 _atexto
_btxt
_2rdacontent
337 _2rdamedia
_asin mediación
_bn
338 _2rdacarrier
_avolumen
_bnc
563 _apasta dura
650 1 0 _aVida cristiana
_919
942 _cBK
945 _aElías Tolentino
999 _c36067
_d36067